La Tecnificación de la Administración Pública / Celestino Fernández de la Vega
Descripción Física:
86 p. ; 21 cm
Colección:
Estudios administrativos ; 19
Materias:
Administració pública
MARC
| LEADER | 00000nam a2200000Ia 4500 | ||
|---|---|---|---|
| 001 | 10615 | ||
| 008 | 160829s1962 xx 000 0 cat d | ||
| 080 | |a M-3-395 | ||
| 100 | |a Fernández de la Vega, Celestino |9 24477 | ||
| 245 | |a La Tecnificación de la Administración Pública / Celestino Fernández de la Vega | ||
| 260 | |a Madrid : |b Centro de Formación y Perfeccionamiento de Funcionarios, |c 1962 | ||
| 300 | |a 86 p. ; |c 21 cm | ||
| 490 | |a Estudios administrativos ; 19 | ||
| 650 | 0 | |a Administració pública |9 23819 | |
| 710 | 2 | |a Centro de Formación y Perfeccionamiento de Funcionarios (Alcalá de Henares, Madrid) |9 54841 | |
| 901 | |a Arxiu | ||
| 942 | |n 1 | ||
| 952 | |0 0 |1 0 |4 0 |6 M3395 |7 1 |9 43174 |a Arxiu |b Arxiu |d 2016-12-01 |l 0 |o M-3-395 |p 10615 |r 2016-12-01 00:00:00 |w 2016-12-01 |y ARXIU | ||
| 999 | |c 45718 |d 45718 | ||